Dictionary of social, economic and administrative terms in south Indian inscriptions / (Record no. 64604)

MARC details
000 -LEADER
fixed length control field 00879nam a22002417a 4500
005 - DATE AND TIME OF LATEST TRANSACTION
control field 20130613143755.0
008 - FIXED-LENGTH DATA ELEMENTS--GENERAL INFORMATION
fixed length control field 120403t xxu||||| |||| 00| 0 eng d
010 ## - LCCN (DPL NO)
LC control number ENG-104933
020 ## - INTERNATIONAL STANDARD BOOK NUMBER
International Standard Book Number 9780198080152
Terms of availability 2100.00
020 ## - INTERNATIONAL STANDARD BOOK NUMBER
International Standard Book Number 0198080158
Terms of availability 2100.00
035 ## - SYSTEM CONTROL NUMBER
System control number EN-88466
037 ## - SOURCE OF ACQUISITION
Source of stock number/acquisition DBAD/PUB
040 ## - CATALOGING SOURCE
Original cataloging agency DPL
Language of cataloging Eng
082 ## - DEWEY DECIMAL CLASSIFICATION NUMBER
Classification number 411.709548
245 ## - TITLE STATEMENT
Title Dictionary of social, economic and administrative terms in south Indian inscriptions /
Statement of responsibility, etc edited by K.V. Ramesh
260 ## - PUBLICATION, DISTRIBUTION, ETC. (IMPRINT)
Place of publication, distribution, etc New Delhi
Name of publisher, distributor, etc Oxford University Press
Date of publication, distribution, etc 2012
270 ## - ADDRESS
Address YMCA Library Building, 1 Jai Singh Road
City New Delhi
Postal code 110001
300 ## - PHYSICAL DESCRIPTION
Extent V.1(xxiv,352p.)
Dimensions 28cm(Hb)
490 ## - SERIES STATEMENT
Series statement ICHR series of dictionaries of social, economic and administrative terms in Indian inscriptions
505 ## - FORMATTED CONTENTS NOTE
Formatted contents note v.1-(A-D)
700 ## - ADDED ENTRY--PERSONAL NAME
Personal name Ramesh, K.V.
9 (RLIN) 44670
942 ## - ADDED ENTRY ELEMENTS (KOHA)
Source of classification or shelving scheme Dewey Decimal Classification
Item type English Books
Call number suffix DIC
Classification part 411.709548
Holdings
Withdrawn status Lost status Source of classification or shelving scheme Damaged status Not for loan Collection code Home library Current library Date acquired Source of acquisition Cost, normal purchase price Total Checkouts Full call number Barcode Date last seen Copy number Cost, replacement price Koha item type
    Dewey Decimal Classification   Not For Loan Non-fiction D.B.Act.Division D.B.Act.Division 03/04/2012 DBAD/PUB 2100.00   411.709548 DIC EN-88466 03/04/2012 1 2100.00 English Books

© Delhi Public Library
Hit Counter
free hit counter